000 00383nam a2200145Ia 4500
008 230917s9999||||xx |||||||||||||| ||und||
040 _e141964
_aMAIN
041 _aEnglish
082 _a954.02 S23M
100 _aSharma
245 0 _aMadhaykalin bharatiy samajik arthik evam samajik sansthan
260 _aJaipur
_bRajasthan Hindi Granth Academy
300 _a372 p.
942 _cBK
999 _c63513
_d63513